Habilidades de dirección del servidor público, en la Facultad de Estudios Superiores Acatlán de la Universidad Nacional Autónoma de México (Registro nro. 36506)
[ vista simple ]
| 000 -LEADER | |
|---|---|
| campo de control de longitud fija | 03730nam a2200349 a 4500 |
| 001 - NÚMERO DE CONTROL | |
| campo de control | 36506 |
| 003 - IDENTIFICADOR DE NÚMERO DE CONTROL | |
| campo de control | FlNmELB |
| 005 - FECHA Y HORA DE LA ÚLTIMA TRANSACCIÓN | |
| campo de control | 20241216221426.0 |
| 006 - CÓDIGOS DE INFORMACIÓN DE LONGITUD FIJA--CARACTERÍSTICAS DEL MATERIAL ADICIONAL | |
| campo de control de longitud fija | m o d | |
| 007 - CAMPO FIJO DE DESCRIPCIÓN FÍSICA--INFORMACIÓN GENERAL | |
| campo de control de longitud fija | cr cn||||||||| |
| 008 - DATOS DE LONGITUD FIJA--INFORMACIÓN GENERAL | |
| campo de control de longitud fija | 130520s2008 mx s 000 0 spa d |
| 020 ## - NÚMERO INTERNACIONAL ESTÁNDAR DEL LIBRO | |
| ISBN cancelado o inválido | 9788469167908 |
| 035 ## - NÚMERO DE CONTROL DEL SISTEMA | |
| Número de control de sistema | (OCoLC)928813365 |
| 040 ## - FUENTE DE CATALOGACIÓN | |
| Centro catalogador/agencia de origen | FlNmELB |
| Lengua de catalogación | spa |
| Centro/agencia transcriptor | FlNmELB |
| 050 #4 - SIGNATURA TOPOGRÁFICA DE LA BIBLIOTECA DEL CONGRESO | |
| Número de clasificación | LA428 |
| Número de ítem | B352 2008eb |
| 080 ## - NÚMERO DE LA CLASIFICACIÓN DECIMAL UNIVERSAL | |
| Número de la Clasificación Decimal Universal | 378 |
| 082 04 - NÚMERO DE LA CLASIFICACIÓN DECIMAL DEWEY | |
| Número de clasificación | 378/.107 |
| Información de edición | 23 |
| 100 1# - ENTRADA PRINCIPAL--NOMBRE DE PERSONA | |
| Nombre de persona | Bautista Alvarado, Susana Delfina. |
| 245 10 - MENCIÓN DEL TÍTULO | |
| Título | Habilidades de dirección del servidor público, en la Facultad de Estudios Superiores Acatlán de la Universidad Nacional Autónoma de México |
| Medio | [recurso electronico] |
| Mención de responsabilidad, etc. | Susana Delfina Bautista Alvarado ; directores, Humberto Ponce Talancón, Víctor Manuel Alvarado Verdín. |
| 260 ## - PUBLICACIÓN, DISTRIBUCIÓN, ETC. | |
| Lugar de publicación, distribución, etc. | México, D. F : |
| Nombre del editor, distribuidor, etc. | Instituto de Estudios Superiores en Administración Pública, |
| Fecha de publicación, distribución, etc. | 2008. |
| 300 ## - DESCRIPCIÓN FÍSICA | |
| Extensión | xv, 207 p. |
| 520 ## - RESUMEN, ETC. | |
| Sumario, etc. | Este trabajo de investigación doctoral estudia el comportamiento humano correspondiente al personal directivo en una institución de educación pública superior, la Facultad de Estudios Superiores Acatlán. En otras palabras, la investigación se orienta a determinar el problema relacionado con la función de dirección, estudiar su naturaleza, origen y prospectiva de los diferentes estilos que adopta el funcionario público universitario. En el marco de este problema estructural, establecer los atributos psicológicos, sociológicos y administrativos prevalecientes en los servidores públicos, el sustento teórico destacando los pioneros y expertos del conocimiento.Para ello, se considera que la dirección y el liderazgo son fundamentales para la consecución de los objetivos, metas y relaciones laborales, dado que el liderazgo se transforma en realidad a partir de la práctica directiva.La investigación tuvo como objetivo conocer las habilidades para la dirección de los dirigentes de la Facultad de Estudios Superiores Acatlán de la Universidad Nacional Autónoma de México, y presentar estrategias de seguimiento y autoevaluación, en el contexto de un programa. El diseño fue un estudio transversal descriptivo y correlacional. La población y la muestra no probabilística, se conformó por servidores públicos que laboran en la institución.La técnica para la recolección fue la entrevista y la encuesta, utilizando un instrumento que se estructuró en tres cuestionarios. La confiabilidad de los instrumentos se obtuvo a través de juicios de expertos y con la prueba Alfa de Cronbach en su vinculación con el referente teórico.El análisis e interpretación se realizó de forma cuantitativa y cualitativa, obteniendo la correlación entre las variables, dimensiones, indicadores de dirección y liderazgo; lo que determinó la influencia de las habilidades de dirección en el estilo de liderazgo, así como, enfatizó el conocimiento de las habilidades para la dirección que los servidores públicos aplican en la Facultad de Estudios Superiores Acatlán de la Universidad Nacional Autónoma de México. Con ello, se propone un programa de fortalecimiento y desarrollo de habilidades directivas. |
| 533 ## - NOTA DE REPRODUCCIÓN | |
| Tipo de reproducción | Recurso electrónico. Santa Fe, Arg.: e-libro, 2015. Disponible vía World Wide Web. El acceso puede estar limitado para las bibliotecas afiliadas a e-libro. |
| 650 #4 - PUNTO DE ACCESO ADICIONAL DE MATERIA--TÉRMINO DE MATERIA | |
| Término de materia o nombre geográfico como elemento de entrada | Universidades |
| Subdivisión general | Gestión. |
| 650 #0 - PUNTO DE ACCESO ADICIONAL DE MATERIA--TÉRMINO DE MATERIA | |
| Término de materia o nombre geográfico como elemento de entrada | Education, Higher |
| Subdivisión geográfica | Mexico |
| Subdivisión general | Planning |
| -- | Congresses. |
| 650 #0 - PUNTO DE ACCESO ADICIONAL DE MATERIA--TÉRMINO DE MATERIA | |
| Término de materia o nombre geográfico como elemento de entrada | Universities and colleges |
| Subdivisión geográfica | Mexico |
| Subdivisión general | Congresses. |
| 655 #4 - TERMINO DE INDIZACIÓN--GENERO/FORMA | |
| Datos o término principal de género/forma | Libros electrónicos. |
| 700 1# - ENTRADA AGREGADA--NOMBRE PERSONAL | |
| Nombre de persona | Ponce Talancón, Humberto, |
| Término indicativo de función/relación | dir. |
| 700 1# - ENTRADA AGREGADA--NOMBRE PERSONAL | |
| Nombre de persona | Alvarado Verdín, Víctor Manuel, |
| Término indicativo de función/relación | dir. |
| 710 2# - ENTRADA AGREGADA--NOMBRE DE ENTIDAD CORPORATIVA | |
| Nombre de entidad corporativa o nombre de jurisdicción como elemento de entrada | e-libro, Corp. |
| 856 40 - LOCALIZACIÓN Y ACCESO ELECTRÓNICOS | |
| Identificador Uniforme de Recurso | <a href="https://elibro.net/ereader/politecnicointernacional/101698">https://elibro.net/ereader/politecnicointernacional/101698</a> |
No hay ítems disponibles.